000 00894nam a2200193 i 4500
001 188384
003 ES-MaACL
005 20250830095403.0
008 180907s1858 sp |||| | spa d
100 0 _aAlzugaray y Yanguas, Ricardo.
_921066
245 1 3 _aEl Estado en sus relaciones sociales e individuales :
_bdisertación leída en la Universidad Central en el solemne acto de recibir la investidura de Doctor en la Facultad de Jurisprudencia /
_cpor el Ldo. Ricardo Alzugaray y Yanguas.
260 _a[S.l.] :
_b[s.n.],
_c1858 (
_eMadrid :
_fEstab. Tip. de J. Casas y Díaz)
300 _a42 p. ;
_c25 cm.
530 _aDisponible en formato digital.
650 0 7 _aEstado
_2embne
_912523
852 _aES-MaACL
_jT-384-F-12
_z.- Donat. Sr. Saenz Diez
856 _uhttp://bdh-rd.bne.es/viewer.vm?id=0000140384&page=1
_zBiblioteca Digital Hispánica
999 _c188384
_d188384